[Event "HUN-chT3 0102"]
[Site "Hungary"]
[Date "2002.01.13"]
[Round "5.2"]
[White "Szekeres, Sandor"]
[Black "Nyaradi, Sandor"]
[Result "0-1"]
[WhiteElo "2142"]
[BlackElo "2297"]
[PlyCount "67"]
[EventDate "2001.09.30"]
[EventType "team"]
[EventRounds "11"]
[EventCountry "HUN"]
[SourceTitle "EXT 2004"]
[Source "ChessBase"]
[SourceDate "2003.11.25"]
[SourceVersion "1"]
[SourceVersionDate "2003.11.25"]
[SourceQuality "1"]

1. e4 c5 2. Nf3 d6 3. d4 cxd4 4. Nxd4 Nf6 5. Nc3 a6 6. Be2 b5 7. f4 Bb7 8. Bf3 Qc7 9. Be3 Nbd7 10. 0-0 e6 11. e5 dxe5 12. Ndxb5 axb5 13. Nxb5 Qb8 14. fxe5 Nxe5 15. Bxb7 Qxb7 16. a4 Be7 17. Bf4 Qb6+ 18. Kh1 Nfd7 19. Qe2 Bf6 20. a5 Rxa5 21. Rxa5 Qxa5 22. Nd6+ Ke7 23. Bd2 Qb6 24. Nb5 Qc5 25. Rf4 Ra8 26. Na3 Nc6 27. b4 Qe5 28. Qxe5 Ncxe5 29. b5 Ra4 30. Nb1 Ra1 31. Rf1 Nc4 32. c3 Ndb6 33. Kg1 Ne5 34. Bg5 0-1

[Event "HUN-chT3 0102"]
[Site "Hungary"]
[Date "2001.11.18"]
[Round "3.1"]
[White "Nyaradi, Sandor"]
[Black "Fodre, Sandor"]
[Result "0-1"]
[WhiteElo "2297"]
[BlackElo "2230"]
[PlyCount "77"]
[EventDate "2001.09.30"]
[EventType "team"]
[EventRounds "11"]
[EventCountry "HUN"]
[SourceTitle "EXT 2004"]
[Source "ChessBase"]
[SourceDate "2003.11.25"]
[SourceVersion "1"]
[SourceVersionDate "2003.11.25"]
[SourceQuality "1"]

1. d4 d5 2. c4 c6 3. Nc3 Nf6 4. Nf3 e6 5. e3 Nbd7 6. Bd3 dxc4 7. Bxc4 b5 8. Bd3 a6 9. Qe2 c5 10. 0-0 Bb7 11. Rd1 Qb6 12. b3 Rc8 13. Bb2 cxd4 14. exd4 Be7 15. Rac1 0-0 16. Bb1 Rfe8 17. Ne5 Nf8 18. Ng4 Nd5 19. Nxd5 Bxd5 20. Rxc8 Rxc8 21. Ne3 Bf6 22. Ng4 Nd7 23. Qd3 g6 24. Nxf6+ Nxf6 25. Qd2 Qc6 26. f3 Qd6 27. Bc1 Ne8 28. Qh6 a5 29. Bf4 Qe7 30. h4 f6 31. Bd2 a4 32. bxa4 bxa4 33. h5 g5 34. f4 gxf4 35. Qxf4 Qg7 36. g3 f5 37. Be3 Nf6 38. h6 Qg6 39. Rc1 0-1

[Event "HUN-chT3 0001"]
[Site "Hungary"]
[Date "2001.03.04"]
[Round "8.1"]
[White "Veroci, Zsuzsa"]
[Black "Nyaradi, Sandor"]
[Result "1/2-1/2"]
[WhiteElo "2311"]
[BlackElo "2280"]
[PlyCount "62"]
[EventDate "2000.10.29"]
[EventType "team"]
[EventRounds "11"]
[EventCountry "HUN"]
[SourceTitle "EXT 2007"]
[Source "ChessBase"]
[SourceDate "2006.11.23"]
[SourceVersion "1"]
[SourceVersionDate "2006.11.23"]
[SourceQuality "1"]

1. e4 c5 2. Nf3 d6 3. d4 cxd4 4. Nxd4 Nf6 5. Nc3 a6 6. Bc4 e6 7. Bb3 Be7 8. g4 h6 9. Rg1 b5 10. a3 Qc7 11. Qe2 Nc6 12. Nxc6 Qxc6 13. f3 Bb7 14. h4 Nd7 15. g5 hxg5 16. hxg5 g6 17. Be3 Ne5 18. f4 Nc4 19. Bxc4 Qxc4 20. Qxc4 bxc4 21. 0-0-0 Rh3 22. Bd4 0-0-0 23. Rh1 Rf3 24. Rdf1 Rxf1+ 25. Rxf1 e5 26. Be3 exf4 27. Bxf4 d5 28. Na4 Bc6 29. Nb6+ Kb7 30. Nxd5 Bxd5 31. exd5 Rxd5 1/2-1/2

[Event "HUN-chT3 9900"]
[Site "Hungary"]
[Date "1999.11.14"]
[Round "4"]
[White "Hansen, Soren Bech"]
[Black "Nyaradi, Sandor"]
[Result "1-0"]
[WhiteElo "2294"]
[BlackElo "2282"]
[PlyCount "68"]
[EventDate "1999.09.26"]
[EventType "team"]
[EventRounds "11"]
[EventCountry "HUN"]
[SourceTitle "EXT 2002"]
[Source "ChessBase"]
[SourceDate "2001.11.25"]
[SourceVersion "1"]
[SourceVersionDate "2001.11.25"]
[SourceQuality "1"]

1. e4 c5 2. Nf3 d6 3. d4 cxd4 4. Nxd4 Nf6 5. Nc3 a6 6. Be3 e6 7. f4 Qc7 8. Qf3 Nbd7 9. Bd3 b5 10. g4 Nc5 11. g5 Nfd7 12. a3 Bb7 13. 0-0-0 Rc8 14. Kb1 Be7 15. Qh3 Nb6 16. g6 Bf6 17. gxf7+ Qxf7 18. Rhf1 Nbd7 19. f5 e5 20. Ne6 Ke7 21. Nd5+ Bxd5 22. exd5 Nxd3 23. Rxd3 Rc4 24. Bg5 Bxg5 25. Nxg5 Qg8 26. Ne6 Nf6 27. Qe3 Qc8 28. Qa7+ Nd7 29. Rg3 Rg8 30. f6+ gxf6 31. Rfg1 Rxg3 32. Rxg3 f5 33. Rg7+ Kf6 34. Rxd7 Rxc2 1-0

[Event "HUN-chT3 9899"]
[Site "Hungary"]
[Date "1999.04.25"]
[Round "11"]
[White "Nyaradi, Sandor"]
[Black "Szollosi, Laszlo Jr"]
[Result "0-1"]
[WhiteElo "2300"]
[BlackElo "2217"]
[PlyCount "57"]
[EventDate "1998.09.??"]
[EventType "team"]
[EventRounds "11"]
[EventCountry "HUN"]
[SourceTitle "EXT 2001"]
[Source "ChessBase"]
[SourceDate "2000.11.22"]
[SourceVersion "1"]
[SourceVersionDate "2000.11.22"]
[SourceQuality "1"]

1. c4 e6 2. Nf3 d5 3. cxd5 exd5 4. d4 c6 5. Bf4 Nf6 6. e3 Bf5 7. Nbd2 Nbd7 8. Be2 Be7 9. 0-0 Qb6 10. Qb3 Nh5 11. Bg5 Bxg5 12. Nxg5 Nhf6 13. Qa3 a5 14. Bd3 Bxd3 15. Qxd3 h6 16. Ngf3 0-0 17. b3 Rfe8 18. Qf5 Qb4 19. g4 Qd6 20. g5 g6 21. Qh3 hxg5 22. Nxg5 Kg7 23. f4 Rh8 24. Qg2 Rh4 25. Ngf3 Rg4 26. Ne5 Rxg2+ 27. Kxg2 Rf8 28. Rf3 Ne4 29. Rh3 0-1

[Event "Tapolca op"]
[Site "Budapest"]
[Date "1999.01.15"]
[Round "8"]
[White "Nyaradi, Sandor"]
[Black "Sandor, Jozsef"]
[Result "1-0"]
[WhiteElo "2300"]
[BlackElo "2195"]
[PlyCount "75"]
[EventDate "1999.01.??"]
[EventType "swiss"]
[EventRounds "9"]
[EventCountry "HUN"]
[SourceTitle "CBM 068 Extra"]
[Source "ChessBase"]
[SourceDate "1999.03.01"]
[SourceVersion "1"]
[SourceVersionDate "1999.03.01"]
[SourceQuality "1"]

1. d4 d6 2. c4 e5 3. dxe5 dxe5 4. Qxd8+ Kxd8 5. Nc3 Be6 6. e4 Nd7 7. Nf3 h6 8. Be3 Bb4 9. 0-0-0 Bxc3 10. bxc3 Ke7 11. Nd2 Ngf6 12. f3 b6 13. Be2 Rad8 14. Kc2 Ne8 15. a4 Nd6 16. Ra1 Nb7 17. Nb3 a5 18. Rhd1 Ndc5 19. Nxc5 Rxd1 20. Rxd1 Nxc5 21. Bxc5+ bxc5 22. Rb1 Bd7 23. Rb7 Bxa4+ 24. Kc1 Kd6 25. Ra7 Bc6 26. Rxa5 g5 27. Ra1 h5 28. h3 g4 29. hxg4 hxg4 30. Kd2 Rh2 31. Ke3 Rxg2 32. fxg4 Bxe4 33. Ra6+ c6 34. Bd1 Rh2 35. Kxe4 Rh1 36. Be2 Rg1 37. Bf3 Rc1 38. Kd3 1-0

[Event "Balaton op"]
[Site "Hungary"]
[Date "1999.??.??"]
[Round "3"]
[White "Horvath, Jeno Kalman"]
[Black "Nyaradi, Sandor"]
[Result "1/2-1/2"]
[WhiteElo "2165"]
[BlackElo "2300"]
[PlyCount "173"]
[EventDate "1999.??.??"]
[EventType "swiss"]
[EventRounds "9"]
[EventCountry "HUN"]
[SourceTitle "EXT 2000"]
[Source "ChessBase"]
[SourceDate "1999.11.16"]
[SourceVersion "1"]
[SourceVersionDate "1999.11.16"]
[SourceQuality "1"]

1. e4 c5 2. c3 Nf6 3. e5 Nd5 4. d4 e6 5. Nf3 cxd4 6. cxd4 Nc6 7. Nc3 Nxc3 8. bxc3 d6 9. exd6 Bxd6 10. Bd3 Qa5 11. 0-0 Qxc3 12. Rb1 a6 13. Re1 Qa5 14. Qe2 Qh5 15. h3 0-0 16. Be4 Rb8 17. Bxc6 bxc6 18. Rxb8 Bxb8 19. Ne5 Qxe2 20. Rxe2 Bd6 21. Nc4 Bc7 22. Ba3 Rd8 23. Bc5 a5 24. Re1 Ba6 25. Ne5 Bb5 26. g3 f6 27. Ng4 Kf7 28. Ne3 a4 29. a3 Bd6 30. Bb6 Rd7 31. Nc2 Rb7 32. Ba5 Rd7 33. Bb6 e5 34. dxe5 Bxe5 35. Ne3 Rd3 36. Bc5 Bd6 37. Bxd6 Rxd6 38. Nf5 Rd7 39. g4 g6 40. Ng3 Rd3 41. Re3 Rd1+ 42. Kg2 Bc4 43. Ne4 Bd5 44. Kg3 Bxe4 45. Rxe4 Rd3+ 46. Kg2 Rxa3 47. Rc4 h5 48. gxh5 gxh5 49. Rxc6 Ra1 50. Rc5 Kg6 51. Ra5 a3 52. Kh2 a2 53. Kg2 f5 54. h4 Kf6 55. Kf3 Rh1 56. Rxa2 Rxh4 57. Ra8 Rg4 58. Rf8+ Ke6 59. Rh8 h4 60. Rh6+ Ke5 61. Rh8 Rc4 62. Re8+ Kf6 63. Rh8 Kg7 64. Rh5 Kf6 65. Rh6+ Kg5 66. Rh8 Rc3+ 67. Kg2 Kg4 68. Rg8+ Kf4 69. Rh8 Kg5 70. Rg8+ Kf6 71. Rf8+ Kg6 72. Rh8 Rc4 73. Kh3 Rf4 74. Rxh4 Rxf2 75. Kg3 Rc2 76. Rh8 Rc3+ 77. Kf4 Rc4+ 78. Kf3 Rc1 79. Ra8 Rf1+ 80. Kg2 Re1 81. Kf3 Re6 82. Rg8+ Kf6 83. Ra8 Rc6 84. Rf8+ Kg6 85. Rg8+ Kf7 86. Ra8 Rc1 87. Ra6 1/2-1/2

[Event "Balaton op"]
[Site "Hungary"]
[Date "1999.??.??"]
[Round "2"]
[White "Nyaradi, Sandor"]
[Black "Berczes, Csaba"]
[Result "1-0"]
[WhiteElo "2300"]
[BlackElo "2145"]
[PlyCount "73"]
[EventDate "1999.??.??"]
[EventType "swiss"]
[EventRounds "9"]
[EventCountry "HUN"]
[SourceTitle "EXT 2000"]
[Source "ChessBase"]
[SourceDate "1999.11.16"]
[SourceVersion "1"]
[SourceVersionDate "1999.11.16"]
[SourceQuality "1"]

1. d4 Nf6 2. c4 g6 3. Nc3 Bg7 4. e4 d6 5. Be3 0-0 6. f3 e5 7. Qd2 c6 8. Nge2 Nbd7 9. g4 exd4 10. Nxd4 Ne5 11. Be2 Ne8 12. 0-0-0 a6 13. h3 Qc7 14. f4 Nd7 15. Bf3 b5 16. e5 Bb7 17. exd6 Qc8 18. Nb3 a5 19. Nc5 a4 20. Nxd7 Qxd7 21. Ne4 a3 22. Nc5 axb2+ 23. Kb1 Qc8 24. cxb5 Rxa2 25. Kxa2 Nxd6 26. Qxd6 Qa8+ 27. Kb3 Qa5 28. Qd2 Qb6 29. Nxb7 Qxb5+ 30. Qb4 b1Q+ 31. Rxb1 Qd3+ 32. Ka4 Bc3 33. Qe4 Ra8+ 34. Kb3 Qb5+ 35. Kxc3 Ra3+ 36. Kd2 Ra2+ 37. Kc1 1-0

[Event "Balaton op"]
[Site "Hungary"]
[Date "1999.??.??"]
[Round "6"]
[White "Nyaradi, Sandor"]
[Black "Bodrogi, Laszlo"]
[Result "1-0"]
[WhiteElo "2300"]
[BlackElo "2080"]
[PlyCount "85"]
[EventDate "1999.??.??"]
[EventType "swiss"]
[EventRounds "9"]
[EventCountry "HUN"]
[SourceTitle "EXT 2000"]
[Source "ChessBase"]
[SourceDate "1999.11.16"]
[SourceVersion "1"]
[SourceVersionDate "1999.11.16"]
[SourceQuality "1"]

1. d4 Nf6 2. c4 e6 3. Nc3 Bb4 4. Nf3 b6 5. e3 Bb7 6. Bd3 0-0 7. 0-0 d5 8. cxd5 exd5 9. Bd2 Nbd7 10. Qc2 Re8 11. a3 Bd6 12. Nb5 Nf8 13. Nxd6 Qxd6 14. Bb4 Qd8 15. Rac1 Rc8 16. Bxf8 Kxf8 17. Bf5 Ba6 18. Rfe1 Rb8 19. Qxc7 Rb7 20. Qc2 Rb8 21. Qa4 Bb7 22. Qxa7 Re7 23. Qa4 g6 24. Bd3 Ra8 25. Qb4 Kg7 26. Ne5 Re6 27. Rc2 Ne8 28. Rec1 f6 29. Nf3 g5 30. Bb5 Nd6 31. Bc6 Rc8 32. Bxb7 Rxc2 33. Rxc2 Nxb7 34. Qc3 Na5 35. Qc7+ Qe7 36. Nd2 Nc4 37. Qxe7+ Rxe7 38. Nxc4 Rc7 39. a4 dxc4 40. Rc3 Kf8 41. h3 Ke8 42. b3 cxb3 43. Rxb3 1-0

[Event "Balaton op"]
[Site "Hungary"]
[Date "1999.??.??"]
[Round "5"]
[White "Pesztericz, Laszlo"]
[Black "Nyaradi, Sandor"]
[Result "0-1"]
[WhiteElo "2215"]
[BlackElo "2300"]
[PlyCount "96"]
[EventDate "1999.??.??"]
[EventType "swiss"]
[EventRounds "9"]
[EventCountry "HUN"]
[SourceTitle "EXT 2000"]
[Source "ChessBase"]
[SourceDate "1999.11.16"]
[SourceVersion "1"]
[SourceVersionDate "1999.11.16"]
[SourceQuality "1"]

1. e4 c5 2. Nc3 d6 3. g3 Nf6 4. Bg2 Nc6 5. d3 g6 6. f4 Bg4 7. Nce2 Bg7 8. h3 Bd7 9. Nf3 e5 10. 0-0 Nh5 11. g4 Nxf4 12. Nxf4 exf4 13. Bxf4 Ne5 14. c3 h5 15. g5 Qb6 16. Kh1 Bg4 17. Qa4+ Bd7 18. Qd1 Bg4 19. Qa4+ Bd7 20. Qd1 0-0-0 21. b4 Bg4 22. Rb1 Nxf3 23. bxc5 Qxc5 24. Bxf3 Bxh3 25. Qb3 Rd7 26. d4 Qa5 27. Rf2 Be6 28. d5 Bg4 29. Bg2 Kd8 30. Rc2 Qc5 31. c4 b6 32. Qa4 Ke7 33. Rb5 Qd4 34. Rd2 Qa1+ 35. Kh2 Be5 36. Bxe5 Qxe5+ 37. Kg1 Qxg5 38. Qc2 Qe3+ 39. Kf1 Rc8 40. Rb3 Qf4+ 41. Rf2 Qe5 42. Qd3 Rdc7 43. Rc2 Qa1+ 44. Kf2 Bd1 45. e5 Bxc2 46. exd6+ Kxd6 47. Qxc2 Qd4+ 48. Kg3 Rxc4 0-1